000 00703nam a2200241Ia 4500
005 20260121112726.0
008 8306 260114s9999 xx 000 0 eng d
020 _a9789812562289
037 _aEBOOK
040 _aCRL
_beng
_cCRL
041 _aeng
_2eng
084 _qCRL
100 _aHeyer Herbert
_9962235
245 0 _aStructural Aspects in the Theory of Probability: a Primer in Probabilities on Algebraic - Topological Structures
260 _bWorld Scientific
260 _bWSPC
260 _c2004
650 _aMathematics
_9962236
856 _uhttps://www.worldscientific.com/worldscibooks/10.1142/5604#t=toc
942 _cEBOOK
999 _c1545606
_d1545606